Superveľmoci a kríza na Blízkom východe v máji 1967

Analýza udalostí, politického a vojenského napätia na Blízkom východe. Postoj USA a ZSSR ku kríze v máji 1967.

Saved in:
Bibliographic Details
Main Author: Sorby, Karol R.
Format: Book Chapter
Language:Slovak
Subjects:
Tags: Add Tag
No Tags, Be the first to tag this record!

MARC

LEADER 00000naa a2200000 4500
001 0120939
005 20240502072354.5
041 0 |a slo 
044 |a SK 
245 1 0 |a Superveľmoci a kríza na Blízkom východe v máji 1967  |c Karol R. Sorby 
520 |a Analýza udalostí, politického a vojenského napätia na Blízkom východe. Postoj USA a ZSSR ku kríze v máji 1967. 
610 2 0 |a politika medzinárodná 
610 2 0 |a Blízky východ 
610 2 0 |a USA 
610 2 0 |a Rusko 
100 1 |a Sorby, Karol R.